Les animes en fonction du protagoniste - Statistiques

Statistiques générales
  • Ce quiz a été pris 687 fois
  • Le résultat moyen est 29 sur 50
Statistiques - réponses
Protagoniste Anime % Correct
Naruto Uzumaki Naruto
100%
Monkey D. Luffy One Piece
100%
Tanjiro Kamado Demon Slayer
95%
Son Goku Dragon Ball
95%
Natsu Dragnir Fairy Tail
95%
Gon Freecs Hunter X Hunter
95%
Light Yagami Death Note
94%
Ichigo Kurosaki Bleach
92%
Boruto Uzumaki Boruto
92%
Izuku Midoriya My Hero Academia
92%
Ken Kaneki Tokyo Ghoul
90%
Saitama One Punch Man
89%
Yuji Itadori Jujutsu Kaisen
87%
Meliodas Seven Deadly Sins
80%
Asta Black Clover
78%
Edward Elric Fullmetal Alchemist
77%
Eren Jager Attaque des Titans
75%
Thorfinn Vinland Saga
72%
Shoyo Hinata Haikyu
71%
Sacha Ketchum Pokemon
71%
Takemichi Hanagaki Tokyo Revengers
71%
Guts Berserk
70%
Nagisa Shiota Assassination Classroom
69%
Denji Chainsaw Man
68%
Lelouch Lamperouge Code Geass
66%
Kazuto Kirigaya (Kirito) Sword Art Online
63%
Isagi Yoichi Blue Lock
60%
Loid Forger Spy X Family
60%
Senku Ishigami Dr. Stone
57%
Tetsuya Kuroko Kuroko's Basket
57%
Shigeo Kageyama (Mob) Mob Psycho 100
54%
Shinra Kusakabe Fire Force
50%
Ippo Makunouchi Hajime no Ippo
47%
Mash Burnedead Mashle
45%
Kiyotaka Ayanokoji Classroom of the Elite
42%
Gabimaru Hell's Paradise
41%
Gintoki Sakata Gintama
38%
Limule Tempest Moi quand je me réincarne en slime
38%
Aqua Hoshino Oshi no Ko
35%
Ashito Aoi Ao Ashi
22%
Rudeus Greyrat Mushoku Tensei
22%
Cid Kageno The Eminence in Shadow
19%
David Martinez Cyberpunk Edgerunners
17%
Shinichi Kudo Detective Conan
15%
Yuichi Katagiri Tomodachi Game
14%
Vash the Stampede Trigun
11%
Hiro Darling in the FranXX
10%
Chisato Nishikigi Lycoris Recoil
6%
Shinpei Ajiro Summer Time Rendering
6%
Shinji Ikari Neo Genesis Evangelion
3%
Aucun quiz correspondant
Distribution des résultats
% des personnes avec chaque résultat
Percentile par nombre de réponses
Votre historique - résultats
Vous n’avez pas pris ce quiz